| 000 | 00361nam a22001097a 4500 | ||
|---|---|---|---|
| 999 |
_c4684 _d4684 |
||
| 008 | 250307b ||||| |||| 00| 0 eng d | ||
| 020 | _a9789810753818 | ||
| 100 |
_aLIM,EMILY _eAUTHOR |
||
| 245 | _aELVIS AND THE FEATHERS SCHOOL OF MUSIC | ||
| 260 |
_aMSF BUILDING 512 THOMSON ROAD SINGAPORE 298136 _bMINISTRY OF SOCIAL AND FAMILY DEVELOPMENT,SINGAPORE |
||
| 942 | _2ddc | ||